| 000 | 01080cam a22003015a 4500 | ||
|---|---|---|---|
| 001 | ocm17592315 | ||
| 003 | OSt | ||
| 005 | 20171026105511.0 | ||
| 008 | 880307s1979 ilu frb 001 0 eng d | ||
| 020 | _a0226288501 | ||
| 020 | _a9780226288505 | ||
| 035 | _a(OCoLC)ocm17592315 | ||
| 040 |
_aGUA _beng _cGUA _dOCL _dCXP _dBAKER _dEG-ScBUE _dEG-ScBUE |
||
| 082 | 0 | 4 |
_a320.50903 _bGER _222 |
| 100 | 1 | _aGermino, Dante L. | |
| 240 | 0 |
_aModern Western political thought : Machiavelli to Marx. Chicago. _lEnglish |
|
| 245 | 1 | 0 |
_aMachiavelli to Marx : _bmodern Western political thought / _cDante Germino. |
| 250 | _aPhoenix ed. | ||
| 260 |
_aChicago ; _aLondon : _bUniversity of Chicago Press, _c1979. |
||
| 300 |
_axiii, 401 p. ; _c23 cm. |
||
| 500 | _aOriginally published: Modern Western political thought : Machiavelli to Marx. Chicago : Rand McNally, 1972. | ||
| 504 | _aIncludes bibliographical references and index. | ||
| 650 | 7 |
_aPolitical science _xHistory. _2BUEsh _99516 |
|
| 651 | _2BUEsh | ||
| 653 |
_bBUSBOL _cOctober2017 |
||
| 655 |
_vText book _933728 |
||
| 942 | _2ddc | ||
| 999 |
_c25467 _d25439 |
||